Statistics for Prime Ministers of Denmark

Click here to take the quiz!

General Stats

  • This quiz has been taken 11 times
  • The average score is 19 of 52

Answer Stats

HintAnswer% Correct
2001-2009Anders Fogh Rasmussen
100%
2015-2019Lars Løkke Rasmussen
100%
2009-2011Lars Løkke Rassmussen
100%
2019Mette Frederiksen
100%
1993-2001Poul Nyrup Rasmussen
100%
2011-2015Helle Thorning-Schmidt
86%
1975-1982Anker Jørgensen
43%
1972-1973Anker Jørgensen
43%
1854-1856Peter Georg Bang
43%
1924-1926Thorvald Stauning
43%
1929-1942Thorvald Stauning
43%
1848-1852Adam Wilhelm Moltke
29%
1853-1854Anders Sandøe Ørsted
29%
1860-1863Carl Christian Hall
29%
1857-1859Carl Christian Hall
29%
1856-1857Carl Christoffer Georg Andræ
29%
1859-1860Carl Edvard Rotwitt
29%
1913-1920Carl Theodor Zahle
29%
1909-1910Carl Theodor Zahle
29%
1864-1865Christian Albrecht Bluhme
29%
1852-1853Christian Albrecht Bluhme
29%
1874-1875Christian Andreas Fonnesbech
29%
1865-1870Christian Emil Krag-Juel-Vind-Frijs
29%
1863-1864Ditlev Gothard Monrad
29%
1900-1901Hannibal Sehested
29%
1955-1960Hans Christian Svane Hansen
29%
1953-1955Hans Hedtoft
29%
1947-1950Hans Hedtoft
29%
1897-1900Hugo Egmont Hørring
29%
1875-1894Jacob Brønnum Scavenius Estrup
29%
1905-1908Jens Christian Christiansen
29%
1971-1972Jens Otto Krag
29%
1962-1968Jens Otto Krag
29%
1901-1905Johan Henrik Deuntzer
29%
1910-1913Klaus Berntsen
29%
1945-1947Knud Kristensen
29%
1870-1874Ludvig Holstein-Holsteinborg
29%
1909Ludvig Holstein-Ledreborg
29%
1920Michael Pederson Friis
29%
1920-1924Niels Neergaard
29%
1908-1909Niels Neergaard
29%
1920Otto Liebe
29%
1894-1897Tage Reedtz-Thott
29%
1926-1929Thomas Madsen-Mygdal
29%
1942Vilhelm Buhl
29%
1945Vilhelm Buhl
29%
1950-1953Erik Eriksen
14%
1942-1943Erik Scavenius
14%
1968-1971Hilmar Baunsgaard
14%
1973-1975Poul Hartling
14%
1982-1993Poul Schülter
14%
1960-1962Viggo Kampmann
14%

Score Distribution

Percentile by Number Answered

Percent of People with Each Score

Your Score History

You have not taken this quiz